01371cam a2200373 a 450000100090000000300090000900500170001800800410003501000170007602000150009302500210010803500210012904000230015004100130017304200100018604300120019605000210020808200140022910000260024324000320026924501740030125000140047526000750048930000250056450000280058950400530061760000440067070000380071470000200075290600450077294200120081795201510082999900170098012634246BDDh-ASL20231015031301.0990715m19989999pk b 001 0beng  a 99921930  a9698413006 aP-E-99921930; 04 a(DLC) 99921930 aDLCcBDDh-ASLdDLC1 aenghfre alcode aa-su---00aBP75b.H313 1998 a297bHAL 1 aHamidullah, Muhammad.10aProphet del'Islam.lEnglish14aThe life and work of the Prophet of Islam /cMuhammad Hamidullah ; translated in English and edited by Mahmood Ahmad Ghazi ; English translation edited by Mehboob Ahmad. a[8th ed.] aIslamabad :b[s.n.],c1998-e(Islamabad :fIslamic Research Institute) av. <1- > ;c24 cm. aTranslated from French. aIncludes bibliographical references and indexes.00aMuḥammad,cProphet,d-632vBiography.1 aGhazi, Mahmood Ahmad,d1950-2010.1 aAhmad, Mehboob. a7bcbccorigoded2encipf19gy-gencatlg 2ddccBK 00102ddc40708NFICaASLbASLcGENd2023-03-30eDonated by Mr. Mofidul HoquehV-1l0o297 HAL p120203r2023-03-30 00:00:00tC-1w2023-03-30yBK c31519d31519